La vida inverosímil: introducción a la biología actual

Uloženo v:
Podrobná bibliografie
Hlavní autor: Woltereck, Heinz (Autor)
Médium: Kniha
Jazyk:španělština
Vydáno: Ciudad de México Fondo de Cultura Económica 1952
Edice:Breviarios del Fondo de Cultura Económica, 69
Témata:
Tagy: Přidat tag
Žádné tagy, Buďte první, kdo vytvoří štítek k tomuto záznamu!

MARC

LEADER 00000nam a2200000 a 4500
001 UCZ6492
003 CL-VaPUC
008 951211e19520000MX |||||||||||||||||spa|d
082 0 4 |a 570  |b WOL  |2 21 
100 0 |a Woltereck, Heinz  |e author  |9 350828 
245 1 3 |a La vida inverosímil: introducción a la biología actual 
300 |a 377 p 
942 |c BK 
945 |d 19951211 00:00:00  |a cmena 
260 |a Ciudad de México  |b Fondo de Cultura Económica  |c 1952 
650 0 |a Biología  |9 262022 
650 0 |a Enseñanza de la biología  |9 338701 
650 0 |a Ciencias de la vida  |9 314137 
650 0 |a Sustancias vivas  |9 350829 
583 |a last modification  |c 19951211 00:00:00  |k Rodrigo Vera 
490 0 |a Breviarios del Fondo de Cultura Económica, 69 
999 |c 242691  |d 242689 
952 |0 0  |1 0  |4 0  |6 570_000000000000000_WOL_1952  |7 0  |8 P  |9 255807  |a BIBEDU  |b BIBEDU  |c BIBEDU_PB  |d 2019-11-19  |i 1603116  |o 570 WOL 1952  |p 1603116  |r 2024-01-25  |w 2019-11-19  |y BK  |k EDU 
952 |0 0  |1 0  |4 0  |6 570_000000000000000_WOL_1952  |7 0  |8 A  |9 255808  |a BIBCUR  |b BIBCUR  |d 2019-11-19  |i 1752316  |o 570 WOL 1952  |p 1752316  |r 2025-04-22  |w 2019-11-19  |y BK  |k BCB